000
00288nam a22001337a 4500
008
171124b xxu||||| |||| 00| 0 eng d
020
_a
9781555532567
041
_a
eng
080
_a
94
100
_a
13
101
_a
HIS
245
_a
ROT OF BITTERNESS
_c
COTT.N.F
942
_2
udc
_c
BK
999
_c
38498
_d
38498